000 00958nam0a2200301 4500
001 RU\NLR\BIBL_A\012460196
005 20250624041201.0
010 _910000
035 _a(NLR Aleph) 012460196
090 _a13302880
_c13302880
100 _a20210225d1961 |||y0rusy50 ca
101 0 _akir
102 _aKG
105 _ay z 000ay
181 0 _ai
_baxxe
182 0 _an
200 1 _aЧоӊ атам жана мен
_fСооронбай Жусуев
203 _aТекст
_bвизуальный
_cнепосредственный
210 _aФрунзе
_cКыргызокуупедмамбас
_d1961
215 _a52,[3] c.
_d20
541 1 _6z01790
_aДедушка и я
_zkir
686 1 _aШ9(2)=Ки-5
700 1 _aЖусуев
_bС.
_f1925-2016
_gСооронбай
_4070
790 1 _6z01541
_aДжусуев
_bС.
_f1925-2016
_gСооронбай
_4070
852 _aNLR
_bОНЛ
_jКирг./2-3209
942 _cBOOK
980 _aNB